Province che confinano con la Provincia di Lucca - Statistics

Statistiche generali
  • Questo quiz è stato fatto 25 volte
  • Il punteggio medio è 6 su 6
Statistiche sulle risposte
Regione Provincia % Corretto
Toscana Provincia di Pisa
100%
Toscana Città metropolitana di Firenze
94%
Toscana Provincia di Massa-Carrara
94%
Toscana Provincia di Pistoia
94%
Emilia-Romagna Provincia di Modena
89%
Emilia-Romagna Provincia di Reggio Emilia
83%
Nessun quiz corrispondente trovato
Distribuzione punteggi
Percentuale di utenti per punteggio
Percentile per numero di risposta
I tuoi punteggi nel tempo
Non hai fatto questo quiz